Начало века. Москва начала XX столетия в произведениях русских писателей

Bibliographische Detailangaben
Weitere Verfasser: Чупринин С. И. Сергей Иванович (составитель)
Sprache:Russisch
Veröffentlicht: Москва, Московский рабочий, 1988
Schriftenreihe:Литературная летопись Москвы
Schlagworte:
Format: Buch
KOHA link:https://koha.lib.tpu.ru/cgi-bin/koha/opac-detail.pl?biblionumber=115999

MARC

LEADER 00000nam0a2200000 4500
001 115999
005 20231031123031.0
010 |a 5239004412 
035 |a (RuTPU)RU\TPU\book\125513 
090 |a 115999 
100 |a 20070517d1988 m y0rusy50 ca 
101 0 |a rus 
102 |a RU 
105 |a a z 000ay 
200 1 |a Начало века. Москва начала XX столетия в произведениях русских писателей  |f сост., вступит. ст. и примеч. С. И. Чупринин 
210 |a Москва  |c Московский рабочий  |d 1988 
215 |a 511 с.  |c ил. 
225 1 |a Литературная летопись Москвы 
610 1 |a русские писатели 
610 1 |a Москва 
610 1 |a 20 век 
675 |a Р1  |v 3 
702 1 |a Чупринин  |b С. И.  |g Сергей Иванович  |4 220 
801 1 |a RU  |b 63413507  |c 20070517  |g PSBO 
801 2 |a RU  |b 63413507  |c 20070827  |g PSBO 
942 |c BK